1122 1200 1425 1483 1659 1231 1474 1659 1083 1515 1781 1254 1149 1177 1751 1112 1934 1957 1349 1725 1849 1034 1383 1906 1896 1974 1583 1056 1669 1758 1584 1293 1182 1878 1691 1540 1559 1862 1268 1409 1187 1840 1611 1503 1130 1700 1130 1233 1244 1845 1713 1474 1960 1214 1102 1391 1006 1059 1127 1897 1822 1972 1590 1265 1315 1768 1496 1300 1577 1683 1137 1969 1304 1761 1590 1689 1254 1364 1866 1677 1740 1208 1687 1691 1023 1944 1448 1305 1940 1184 1723 1942 1533 1821 1936 1579 1944 1911 1296 BCNSPRNW ULIB Ver.6.0+V

เปลี่ยนเป็นภาษาไทย

Change to English
 แสดงรายละเอียดบรรณานุกรม
  กลับหน้าหลัก

Brief Record : Get Marc (ISO 2709) : E-mail record : QR code < ปิดหน้าต่าง
LEADER : 00000nam 2200000uu 4500
001    13399121490
003     ULIB
008    121121s2551||||th 000 0 tha d
020    ^a9789743484629
090    ^aนว.^bบ652ห
100    ^aบุลภรณ์
110    ^aอักษรศาสตร์ พับลิเคชั่น
245    ^aหัวใจเพียงดอกไม้/^cบุลภรณ์
250    ^aพิมพ์ครั้งที่ 1
260    ^aกรุงเทพฯ :^bอักษรศาสตร์ พับลิเคชั่น,^c2551
300    ^a302 หน้า
945    ^p249^l0^i15328
995    ^aวิภา
999    ^aใช้งานได้ทุกระบบ
รายการนี้ยังไม่มีแท็ก
คุณยังไม่ได้ล็อกอิน คุณสามารถมีกิจกรรมร่วมกับเว็บไซต์ได้ แต่ต้องล็อกอินก่อน ::
  ล็อกอิน

รายการสื่อสารสนเทศ

ลำดับที่ ประเภท เลขเรียก/บาร์โค้ด สถานที่ สถานะ
1. วิทยาศาสตร์การแพทย์ และสุขภาพ
วิทยาศาสตร์การแพทย์ และสุขภาพ
นว. บ652ห  
  Barcode: 15328
ห้องสมุดวิทยาเขตสวรรค์ประชารักษ์
►นวนิยาย
บนชั้น
  ขอยืม

BibComment


ยังไม่เคยถูกคอมเมนท์

คอมเมนท์ทรัพยากรรายการนี้
  คอมเมนท์: หัวใจเพียงดอกไม้..


 Copyright 2026. Bcnsprnw @Library